000 01111cam a22002777a 4500
001 2316
005 20241104092623.0
020 _a9780060835477
020 _a9780060835484
040 _aDLC
_cDLC
_dDLC
_beng
050 0 0 _aMLCM 2011/40789 (P)
082 _a813.6
100 1 _aMayer, Mercer
_d1943-
245 1 0 _aTo the rescue! /
_cby Mercer Mayer.
250 _aFirst Edition
260 _aNew York :
_bHarperCollins Publishers,
_c2008
300 _a32 pages :
_bIllustrations
_c23 cm
490 0 _aI can read! My first shared reading
500 _a"Mercer Mayer's Little Critter"--Jkt.
505 _aF
520 _aUh-oh, Dad needs help! When Dad is locked in the basement, Little Critter knows just what to do. He picks up the phone to dial three numbers. The firemen arrive in just a few minutes to rescue Dad . . . but they can't stay long to share in the excitement. They have another job to do. Join Little Critter as he shares his 9-1-1 smarts!
521 _a350
_bLexile
521 _aF
_bRaz-Plus
906 _a7
_bcbc
_corignew
_d4
_eepcn
_f20
_gy-gencatlg
942 _2ddc
_cBK
_n0
999 _c2316
_d2316